00341nam a2200133Ia 4500008004100000041000800041082001600049100001500065245004400080250001400124260003200138300003000170365000700200240624s9999 xx 000 0 und d aeng a658.404 BUR aBURKE RORY aPROJECT MANAGEMENT PLANNING AND CONTROL a(4th ed.) c2004aSingaporebJohn Wiley aix, : 373 : p. : cm. ; 24 cRS